000 02038cam a22004691i 4500
001 200468143
003 TR-AnTOB
005 20260416120005.0
007 ta
008 260416s1961 cau 000 0 eng d
010 _a 61009015
016 _a(AMICUS)000008854505
035 _a(CU-S)b13615191-01ucs_sdi
035 _a(OCoLC)00275644
_z(OCoLC)977951820
_z(OCoLC)1327879510
_z(OCoLC)1327891825
035 _a(OCoLC)ocm00275644
035 _a(EXLNZ-01UCS_NETWORK)9912418556606531
040 _aDLC
_beng
_erda
_cDLC
_dWSU
_dOCLCG
_dMOF
_dP4I
_dOCLCQ
_dOCLCF
_dOCLCO
_dOCLCQ
_dHTC
_dNLC
_dOCLCQ
_dWYU
_dOCLCO
_dOCLCL
_dTR-AnTOB
041 0 _aeng
042 _apremarc
049 _aMAIN
050 0 0 _aPS3048
_b.L3 1961
055 0 1 _aPS3048
084 _acci1icc
_2lacc
084 _acoll1
_2lacc
090 _aPS3048
_b.L3 1961 TıpFaK
100 1 _aLane, Lauriat,
_d1925-2005
_0http://id.loc.gov/authorities/names/no2007145840
_eauthor
_9153714
245 1 0 _aApproaches to Walden /
_cLauriat Lane.
264 1 _aSan Francisco :
_bWadsworth Pub. Co.,
_c[1961].
300 _aviii, 135 pages ;
_c22 cm.
336 _atext
_btxt
_2rdacontent
337 _aunmediated
_bn
_2rdamedia
338 _avolume
_bnc
_2rdacarrier
490 0 _aWadsworth guides to literary study
504 _aBIB
505 0 _aPart one: Readings -- First approach: Walden -- Second approach: Seeds of Walden -- Third approach: Evaluations of Walden -- Fourth approach: Walden a hundred years later -- Fifth approach: One man's Walden -- Sixth approach: The uses of Walden -- Part two: Comment, questions, and topics -- Part three: Recommended further readings.
583 1 _acommitted to retain
_c20170930
_d20421231
_fHathiTrust Shared Print Program
_uhttps://www.hathitrust.org/shared_print_program
600 1 0 _aThoreau, Henry David,
_d1817-1862
_tWalden.
_0http://id.loc.gov/authorities/names/n83038633
_944703
630 0 7 _aWalden (Thoreau, Henry David)
_2fast
_0(OCoLC)fst01356368
942 _2lcc
_cBK
999 _c200468143
_d86355